| 000 | 00817cam a22002291 4500 | ||
|---|---|---|---|
| 001 | af 47003584 | ||
| 003 | DLC | ||
| 005 | 20260227110820.0 | ||
| 008 | 780209s1945 xx 000 0 fre | ||
| 010 | _aaf 47003584 | ||
| 035 | _a(OCoLC)3621555 | ||
| 040 |
_aDLC _cOTU _dOCoLC _dDLC |
||
| 042 | _apremarc | ||
| 050 | 0 | 0 |
_aPS3531.O752 _bF57 |
| 100 | 1 |
_aPorter, Katherine Anne, _d1890-1980. |
|
| 245 | 1 | 2 |
_aL'arbre de Judée, _ctraduction de Marcelle Sibon. |
| 260 |
_aParis, _bÉditions du Pavois _c[1945] |
||
| 300 |
_a2 p. l., [7]-267 p., 2 l. _c19 cm. |
||
| 490 | 0 | _aBibliothèque internationale | |
| 505 | 0 | _aL'abre de Judée.--María Concepción.--Sorcellerie.--La corde.--Lui.--Un voi.--Cet abre.--Les fiançialles rompues de Granny Weatherall.--Le miroir félé.--Hacienda. | |
| 700 | 1 |
_aSibon, Marcelle, _etr. |
|
| 999 |
_c2254 _d2254 |
||